000 00732nab a2200253 a 4500
005 20210219160912.0
008 991125s1985 mx 000 0 spa u
035 _aUPN01000175007
100 1 _aVlachou, Anastasia
222 _aREVISTA DE EDUCACION
245 _aAdaptaciones en la enseñanza de los maestros de educación general : repercusiones de las respuestas de inclusión
260 _aMadrid, España
300 _a179-201
362 0 _a2009 No. 349, may.-ago.
653 0 _aINCLUSION EDUCATIVA
653 0 _aEDUCACION PRIMARIA
653 0 _aMAESTROS
653 0 _aENSEÑANZA
700 1 _aDidaskalou, Eleni,
700 1 _ecoaut.
700 1 _aVoudouri, Effie,
700 1 _ecoaut.
905 _aArticulo
999 _c147111
_d147111